000
00281pab a2200109 454500
008
180718b xxu||||| |||| 00| 0 eng d
100
_a
Halan, Y.C.
245
_a
Need for constitutional change
650
_a
Constitutional History and Law
773
_a
Financial Express
909
_a
22553
999
_c
22553
_d
22553